Analysis of droplets formation process in water-in-oil emulsions; Petroleum and Coal; Vol. 58, iss. 7
| Parent link: | Petroleum and Coal Vol. 58, iss. 7.— 2016.— [P. 705-708] |
|---|---|
| Corporate Author: | |
| Other Authors: | , , , |
| Summary: | Title screen The paper analyses the influence of the conditions of oil-in-water emulsion formation in terms of the size of water droplets. Based on the similarity of water-in-oil emulsion formation processes in the laboratory and theoretical laws of droplet formation, the pipeline diameters of coalescing apparatus as well as the flow speed were determined, which ensured formation of droplets of optimal diameter for settling process. Свободный доступ из сети Интернет |
| Language: | English |
| Published: |
2016
|
| Subjects: | |
| Online Access: | http://www.vurup.sk/wp-content/uploads/dlm_uploads/2017/07/pc_7_2016_moyzes_500.pdf |
| Format: | Electronic Book Chapter |
| KOHA link: | https://koha.lib.tpu.ru/cgi-bin/koha/opac-detail.pl?biblionumber=653605 |
MARC
| LEADER | 00000naa0a2200000 4500 | ||
|---|---|---|---|
| 001 | 653605 | ||
| 005 | 20250227150108.0 | ||
| 035 | |a (RuTPU)RU\TPU\network\19088 | ||
| 035 | |a RU\TPU\network\19003 | ||
| 090 | |a 653605 | ||
| 100 | |a 20170317d2016 k||y0rusy50 ba | ||
| 101 | 0 | |a eng | |
| 102 | |a SK | ||
| 135 | |a drcn ---uucaa | ||
| 181 | 0 | |a i | |
| 182 | 0 | |a b | |
| 200 | 1 | |a Analysis of droplets formation process in water-in-oil emulsions |f O. E. Moyzes, N. V. Usheva, E. A. Kuzmenko, K. V. Zolotuhina | |
| 203 | |a Text |c electronic | ||
| 300 | |a Title screen | ||
| 320 | |a [References: p. 708 (12 tit.)] | ||
| 330 | |a The paper analyses the influence of the conditions of oil-in-water emulsion formation in terms of the size of water droplets. Based on the similarity of water-in-oil emulsion formation processes in the laboratory and theoretical laws of droplet formation, the pipeline diameters of coalescing apparatus as well as the flow speed were determined, which ensured formation of droplets of optimal diameter for settling process. | ||
| 333 | |a Свободный доступ из сети Интернет | ||
| 461 | |t Petroleum and Coal | ||
| 463 | |t Vol. 58, iss. 7 |v [P. 705-708] |d 2016 | ||
| 610 | 1 | |a электронный ресурс | |
| 610 | 1 | |a труды учёных ТПУ | |
| 610 | 1 | |a месторождения | |
| 610 | 1 | |a нефть | |
| 610 | 1 | |a обработка | |
| 610 | 1 | |a эмульсии | |
| 610 | 1 | |a вода-масло | |
| 610 | 1 | |a каплеобразование | |
| 610 | 1 | |a физико-химические свойства | |
| 610 | 1 | |a урегулирование | |
| 610 | 1 | |a влагосодержание | |
| 701 | 1 | |a Moyzes |b O. E. |c Chemical Engineer, specialist in the field of informatics and computer engineering |c Associate Professor of Tomsk Polytechnic University, Candidate of technical sciences |f 1950- |g Olga Efimovna |3 (RuTPU)RU\TPU\pers\33911 |9 17484 | |
| 701 | 1 | |a Usheva |b N. V. |c Chemical Engineer |c Associate Professor of Tomsk Polytechnic University, Candidate of chemical sciences |f 1948- |g Nataliya Viktorovna |3 (RuTPU)RU\TPU\pers\35936 | |
| 701 | 1 | |a Kuzmenko |b E. A. |c Chemical Engineer |c Associate Professor of Tomsk Polytechnic University, Candidate of technical science |f 1958- |g Elena Anatolievna |3 (RuTPU)RU\TPU\pers\31281 |9 15459 | |
| 701 | 1 | |a Zolotuhina |b K. V. |g Ksenia Vladimirovna | |
| 712 | 0 | 2 | |a Национальный исследовательский Томский политехнический университет (ТПУ) |b Институт природных ресурсов (ИПР) |b Кафедра химической технологии топлива и химической кибернетики (ХТТ) |3 (RuTPU)RU\TPU\col\18665 |
| 801 | 2 | |a RU |b 63413507 |c 20200217 |g RCR | |
| 856 | 4 | |u http://www.vurup.sk/wp-content/uploads/dlm_uploads/2017/07/pc_7_2016_moyzes_500.pdf | |
| 942 | |c CF | ||